000 00765nam a2200229Ia 4500
001 16777
003 GE_BSU
008 181216s||||||||xx |||||||||||||| ||und||
020 _a99928-870-8-7
040 _cGE_BSU
080 _a821.353.1-92
100 _aზაქარიაძე, ლაზარე
245 _aგზა (1990-1999 წწ). პუბლიცისტური წერილები
245 _cრედ. ალექსანდრე სამსონია
260 _aთბილისი
260 _bინტელექტი
260 _c2002
300 _a488გვ. ; 21სმ
653 _aგზა (1990-1999 წწ)
653 _aპუბლიცისტური წერილები
942 _cBK
999 _c49842
_d49842